African political leadership : (Record no. 12434)

MARC details
000 -LEADER
fixed length control field 00804cam a22002412 4500
001 - CONTROL NUMBER
control field 0000000672
005 - DATE AND TIME OF LATEST TRANSACTION
control field 20151217155805.0
008 - FIXED-LENGTH DATA ELEMENTS--GENERAL INFORMATION
fixed length control field 070215s xx 000 0 eng d
020 ## - INTERNATIONAL STANDARD BOOK NUMBER
International Standard Book Number 0894649116 :
Terms of availability KES 3,550
040 ## - CATALOGING SOURCE
Original cataloging agency KABU
Transcribing agency KABU
050 #0 - LIBRARY OF CONGRESS CALL NUMBER
Classification number DT30.5
Item number .A87
100 1# - MAIN ENTRY--PERSONAL NAME
Personal name Assensoh, A. B.
-- 0000134952
245 10 - TITLE STATEMENT
Title African political leadership :
Remainder of title Jomo Kenyatta, Kwame Nkurumah and Julius K. Nyerere /
Statement of responsibility, etc. A. B. Assensoh.
260 ## - PUBLICATION, DISTRIBUTION, ETC. (IMPRINT)
Place of publication, distribution, etc. Malabar, Florida :
Name of publisher, distributor, etc. Krieger,
Date of publication, distribution, etc. 1998.
300 ## - PHYSICAL DESCRIPTION
Extent xx, 200 p.
600 10 - SUBJECT ADDED ENTRY--PERSONAL NAME
Personal name Kenyatta, Jomo.
-- 0000103267
600 10 - SUBJECT ADDED ENTRY--PERSONAL NAME
Personal name Nkuruma, Kwame.
-- 0000148958
600 10 - SUBJECT ADDED ENTRY--PERSONAL NAME
Personal name Nyerere, Julius K.
-- 0000148959
651 #0 - SUBJECT ADDED ENTRY--GEOGRAPHIC NAME
Geographic name Africa
General subdivision Politics & government.
Chronological subdivision 1960-.
-- 0000148960
908 ## - PUT COMMAND PARAMETER (RLIN)
Put command parameter 070215
950 ## - LOCAL HOLDINGS (RLIN)
-- 1
Holdings
Withdrawn status Lost status Source of classification or shelving scheme Not for loan Home library Current library Date acquired Total Checkouts Full call number Barcode Date last seen Date last checked out Price effective from Koha item type
    Library of Congress Classification   Kabarak, Main Campus Kabarak, Main Campus 17/12/2015 1 DT30.5 .A87 006453 21/06/2022 07/06/2022 17/12/2015 Africana Collection
Designed with assistance from East African Informatics Ltd